[Event "2.BL LC-22/4 "]
[Site "?"]
[Date "2000.??.??"]
[Round "?"]
[White "Firnhaber, Ingo"]
[Black "Schade, Dietmar"]
[Result "1-0"]
[WhiteElo "2184"]
[BlackElo "2218"]
[PlyCount "81"]

1. e4 c5 2. Nf3 d6 3. d4 cxd4 4. Nxd4 Nf6 5. Nc3 a6 6. Bg5 e6 7. f4 b5 {
Mit der Wahl des von GM Lev Polugajewski in die Turnierpraxis eingeführten
Zuges deutet Schwarz an, dass er eine scharfe Auseinandersetzung sucht. 
"Dieser Vorstoß sieht riskant aus, da fast alle schwarzen Figuren in ihren
Ausgangspositionen stehen. Eine Fortsetzung von Polugajewski, die zu einem
sehr scharfen Spiel führt und für Schwarz sehr riskant ist".   So urteilte
Isaak Boleslawski in "Caro-Kann  bis Sizilianisch", Berlin, 1968, S. 189.  In
der Zwischenzeit ist diese Spielweise natürlich gründlich untersucht worden,
bietet aber dennoch beiden Seiten weiter Chancen auf eine scharfeAuseinanderset
zung mit, selbst im Fernschach in Zeiten großen Datenbankmaterials und starker
Schachprogramme, überraschenden Neuerungen, wie diese Partie eindrucksvoll
belegt.} 8. e5 dxe5 9. fxe5 Qc7 10. Nf3 b4 11. Nb5 axb5 12. exf6 Nd7 (12... h6
13. Bh4 g5 14. Bxb5+ Bd7 15. Bg3 Qb6 16. Bd3 Bc5 17. Ne5 Bc6 18. Qe2 Bd4 19.
Nc4 Qa7 20. Rf1 h5 21. Bg6 Kf8 22. Bd6+ Kg8 23. Bd3 h4 24. Qg4 Be3 25. Ke2 {
1:0 Cao Sang - Gyemisi,Z., Budapest 1998.}) 13. Bxb5 Ra5 14. Qd3 $1 (14. Qe2 {
Die mit diesem Zug gemachten Erfahrungen sind insgesamt nicht ermutigend für
Weiß} gxf6 15. Bxf6 Rg8 16. Nd4 Qb6 17. Bxd7+ (17. Bc6 Rg6 18. Bh8 Be7 19.
O-O-O Rxa2 20. Kb1 Ra7 21. Qb5 Qa6 22. Qxa6 Rxa6 23. Be4 Rg8 24. Nb5 Nc5 25.
Nc7+ Kf8 26. Be5 Nxe4 27. Rhe1 Rd6 28. Bxd6 Nxd6 29. g3 Rg4 30. Re3 Rc4 {
0-1 Haase,T-Siegl,E/cr DDR 1980}) (17. Qc4 Bc5 18. Bxd7+ Bxd7 19. O-O-O Be7 20.
Bxe7 Kxe7 21. Rhf1 Rga8 22. Nb3 Rxa2 23. Qh4+ Ke8 24. Rxd7 Kxd7 25. Rxf7+ Kc8
26. Qc4+ Kb8 27. Nd4 R2a6 28. Rxh7 Qd8 29. Qb5+ {
1-0 Belloc-Millan/cr ESP/K 1980}) 17... Bxd7 18. O-O-O Rxa2 19. Kb1 Ra8 20. Nb3
Qa7 {0-1 Schueler,X-Kammel,H/cr FSM/DDR/4 FS 1967}) (14. Qd4 Bc5 15. Qc4 gxf6
16. Bxf6 Rg8 17. Bd4 Rxb5 18. Qxb5 Bxd4 19. Nxd4 Qf4 20. Ne2 Qe3 21. Qc6 Ke7
22. Rd1 Qe5 23. Qf3 Ba6 24. O-O Rg7 25. Nd4 Qc5 26. Rf2 Bc4 27. b3 Ba6 28. Nc6+
Ke8 29. Qf6 Rxg2+ 30. Kh1 Qxc6 31. Qxf7+ Kd8 32. Qxd7+ Qxd7 33. Rxd7+ Kxd7 34.
Kxg2 {1-0 Fuderer-Kapic/Zagabria 1959}) 14... gxf6 (14... Qb7 {Dieser Zug ist
nicht empfehlenswert; beim Nachspielen der Partie hat man den Eindruck, dass
Weiß seinen Vorsprung mühelos in ein gewonnenes Endspiel rettet.} 15. Bxd7+
Bxd7 16. O-O-O Rd5 17. Qb3 gxf6 18. Rxd5 Qxd5 19. Qxd5 exd5 20. Bxf6 Rg8 21.
Re1+ Be6 22. g3 Bh6+ 23. Kb1 Kd7 24. Ne5+ Kd6 25. Nd3 Rg4 26. Be5+ Kc6 27. Bf4
Bxf4 28. Nxf4 Kd6 29. Re3 h6 30. Kc1 Rg8 31. Rb3 Ra8 32. a3 bxa3 33. Rxa3 Rb8
34. b3 h5 35. Kd2 Ke5 36. Ra4 Rh8 37. Nd3+ Kf5 38. Rf4+ Kg5 39. Ne5 f5 40. Nf3+
Kf6 41. Ra4 Bc8 42. Rb4 Re8 43. Rb6+ Re6 44. Rxe6+ Kxe6 45. Ke3 Bd7 46. Kf4 Kf6
47. Nd4 {1-0 Behrensen,J-Reinhardt,E/Buenos Aires 1960}) 15. Bxf6 Rg8 16. O-O-O
$1 $146 {# Diese Neuerung war nach dem Studium der bekannten Partien, in denen
Weiß mit 16. Lxd7+ fortsetzte, seit längerer Zeit geplant.  Einige
grundsätzliche Erwägungen führten zu dieser Entscheidung.  1. Die kurze
Rochade ist nicht erstrebenswert, für Weiß wegen der halb offenen g-Linie.  2.
Den weißen König in der Mitte zu belassen, wie es manche Schachprogramme in
ähnlichen Stellungen tun, ist in einer Fernpartie auf höherem Niveau ebenfalls
nicht ratsam.  3. Es kommt also nur die lange Rochade in Frage.  4. Da der
Läufer auf b5 nicht direkt gefährdet ist, besteht keine Notwendigkeit, sofort
auf d7 zu tauschen. Der Läufer fesselt den Springer auf d7, der nach der
langen Rochade sogar dreifach angegriffen ist. Die sofortige lange Rochade
muss also der richtige Zug sein. Schwarz kann zwar den Bauern auf g2 nehmen
und Druck auf der 2. Reihe (c2) machen, doch Weiß hat schnell alle Figuren
gegen den in der Brettmitte verbliebenen schwarzen König mobilisiert.} (16.
Bxd7+ {Dieser Tausch ist übereilt.} Bxd7 17. O-O-O $2 {
Hier wäre die kurze Rochade eher angebracht gewesen.} Rxg2 18. Ne5 {
Nun hätte der Sicherungszug 18. Kb1 kommen müssen.} Rd5 19. Qe4 b3 $1 {
0-1 Firica,V-Berbecaru,I/ch Roemenie 1965}) (16. Ne5 Rxb5 17. Qxb5 Rxg2 18. Rd1
{Auch diese Stellung ist nicht erstrebenswert, denn der weiße König steht im
Zentrum wesentlich schlechter geschützt als sein Gegenüber.} (18. Qa4 Bh6 19.
Kf1 Qxc2 20. Qxc2 Rxc2 21. Nxd7 Kxd7 22. h4 Ba6+ 23. Ke1 Re2+ 24. Kd1 Rf2 25.
Bg5 Bg7 26. Bd2 Bd3 27. Kc1 e5 28. a4 e4 29. Re1 f5 30. a5 f4 31. Ra2 e3 32.
Bxb4 Rc2+ 33. Kd1 Bxb2 {0-1 Ivanenko-Tukmakov/Kiev 1963}) 18... Bd6 $2 (18...
Qa7 $1 $19) 19. Nxd7 Bxd7 20. Qd3 Be7 21. Qe4 Bxf6 $2 (21... Bc6 $1 $19) 22.
Qxg2 Bh4+ 23. Kd2 Qf4+ 24. Ke2 Qe5+ 25. Kd3 Qb5+ 26. Ke3 Qc5+ 27. Kd2 Bg5+ 28.
Ke1 Bc6 (28... Qe3+ $1) 29. Qg3 f6 30. h4 Bxh1 31. hxg5 fxg5 32. Qb8+ Kf7 33.
Rd7+ Kg6 34. Qg8+ Kf5 35. Qxh7+ Kg4 36. Qxh1 Qe5+ 37. Kd2 Qxb2 38. Qe4+ Kg3 39.
Rd3+ {0-1 Tolush-Gipslis/Vilnius 1960. Eine Partie der Irrungen und Wirrungen,
natürlich hätte Schwarz regulär gewinnen müssen, nicht in verlorener Stellung
einen Zug vor der Zeitkontrolle .}) (16. Nd4 {Nunn} Qb6 17. Qc4 $2) 16... Rxg2
{Nach diesem theoretischen Exkurs nun zurück zur Partie.  Nach der Neuerung
steht Schwarz sogleich vor einer schwierigen Wahl. Neben der Textfortsetzung
muss er folgende Abspiele prüfen:} ({1.} 16... Rxb5 17. Qxb5 Qf4+ 18. Kb1 Qxf6
19. Qc6 Qd8 20. Ne5 Rg5 21. Rhe1 Be7 22. Re4 h5 23. Qa8 Rf5 24. Rc4 Nb6 25.
Qc6+ Bd7 26. Nxd7 Nxd7 27. Rcd4 Rd5 28. Rxd5 exd5 29. Qxd5 $18) ({2.} 16...
Qf4+ 17. Kb1 Rxb5 {bedeutet nur Zugumstellung zum vorigen Abspiel}) ({3.} 16...
b3 17. Qxb3 Qf4+ 18. Kb1 Rxb5 19. Qxb5 Qxf6 20. Qc6 $18 {Schwarz hat im
Vergleich zur vorigen Variante auch noch den b-Bauern ins Geschäft gesteckt.})
({4.} 16... Rxa2 17. Kb1 Ra7 18. Bd4 Rb7 19. g3 $18) (16... Rg6 {Harding} 17.
Ne5 (17. Bh4 Rxg2 18. Bg3 Qb7 19. Bc4) (17. Be5 {fir} Qb7 18. Bc4) 17... b3 18.
Bxd7+ Bxd7 19. Qxb3) 17. Kb1 {Weiß hat bereits alle Zeit dieser Welt und kann
es sich leisten, mit diesem stillen Zug seinen König endgültig zu sichern.} Qb7
(17... Rxb5 18. Qxb5 Qxc2+ (18... Rf2 19. Rdf1 Qb7 20. Qxb7 Rxf1+ 21. Rxf1 Bxb7
22. Bh4 $18) 19. Ka1 Qc5 20. Rc1 Rc2 21. Rxc2 Qxc2 22. Bg5 Qe4 23. Rc1 Qb7 24.
Nd4 e5 25. Qd5 $18) 18. Nd4 (18. Bxd7+ Bxd7 19. Qf1 {
ist nicht so gut für Weiß wegen} Rxc2 20. Kxc2 Rf5 21. Qd3 Rxf3 22. Qd4 Qc7+
23. Kb1 Rf4 24. Rc1 Qxc1+ 25. Rxc1 Rxd4 26. Bxd4 $14) 18... Rg6 ({1.} 18... Qd5
19. a3 bxa3 20. Qc3 $18) ({2.} 18... Rf2 19. Rhf1 Rxf1 20. Qxf1 $18) 19. Rhf1
Qd5 20. b3 Rxf6 {# Dieser Befreiungsversuch schlägt fehl, aber auch die
wichtigsten Alternativen bringen keine Rettung mehr:} ({1.} 20... Ba6 21. Bxa6
Nxf6 22. Bc4 Qd7 23. Nc6 Qxd3 24. Bxd3 Rc5 25. Nxb4 Rh6 26. Na6 $18) ({2.} 
20... Bc5 21. c4 $18) ({3.} 20... Qb7 21. Bc6 $18) 21. Bxd7+ Qxd7 (21... Bxd7
22. Rxf6 Bg7 23. Rf4 e5 24. Qxh7 exf4 25. Qxg7 Be6 26. Qh8+ Kd7 27. Qf6 $18)
22. Rxf6 Rd5 {Schwarz droht nun, mit e5 eine Figur zu gewinnen, wonach der
Ausgang der Partien noch offen erscheint, doch es gibt schon keine Rettung
mehr.} 23. Qxh7 e5 24. Rdf1 Rxd4 {Weiß hat nicht nur den Springer geopfert, er
muss nun auch die Drohung Td1+ parieren.  Der nächste Zug muss also
Verteidigung und Angriff verknüfen.} 25. Qh5 $1 {Das ist die Lösung des
Problems, der Punkt d1 ist gedeckt und Schwarz kann den Punkt f7 nicht halten.}
Re4 26. Rxf7 {# Hier streckte Schwarz die Waffen angesichts der
vorgeschlagenen Zugfolge 26. ...Te1+ 27. Txe1 Dxf7 28. Dxe5+ Kd7 29. Te4  Ld6
30. Db5+ Kd8 31. Da5+ Kd7 32. Da7+ Lc7 33. Txb4 und 1:0, nicht zu früh in
einer Fernpartie, wie die folgende Analyse zeigt.} Re1+ 27. Rxe1 Qxf7 28. Qxe5+
{Erstaunlicherweise sind auch die beiden Läufer im Zusammenspiel mit der Dame
nicht in der Lage, den König genügend zu schützen,} Kd7 29. Re4 Bd6 (29... Bg7
{führt bereits zum Matt:} 30. Rd4+ Kc6 (30... Qd5 31. Rxd5+ Kc6 32. Rc5+ Kb7
33. Qc7+ Ka8 34. Ra5+ Ba6 35. Rxa6#) 31. Qd6+ Kb7 32. Rxb4+ Ka7 33. Qb6+ Ka8
34. Qb8#) 30. Qb5+ Kd8 (30... Kc7 31. Rc4+ Kd8 32. Qa5+ Bc7 33. Qg5+ Ke8 34.
Re4+ Be6 35. Qb5+ Kd8 36. Qxb4 Bf5 37. Re1 $18) 31. Qa5+ Kd7 32. Qa7+ Bc7 33.
Rxb4 {und z.B.} Qf1+ 34. Kb2 Ba6 35. Rd4+ Kc6 36. a4 Bd6 37. a5 Qb5 38. Rc4+
Bc5 39. Rxc5+ Qxc5 40. Qxa6+ Kd7 41. Qd3+ $18 {Diese Partie, in der Weiß im 16.
Zug eine durchschlagende Neuerung bringt und Schwarz nach nur 10 eigenen Zügen
nach einer Spielzeit von nur fünf Monaten zur Aufgabe zwingt, verdeutlicht,
dass auch das Fernschach noch einige Jahre leben wird, zumindest so lange, wie
die Eröffnungsdatenbanken noch nicht ganz komplett sind und auch so starke
Programme wie Fritz, Nimzo, Hiarcs, Junior und Co noch mit dem Horizonteffekt
zu kämpfen haben.  Für den SV Osnabrück war diese Partie in der 2. Bundesliga
der Auftaktsieg und mit den sich abzeichnenden Remisen in den andereren drei
Partien dieser Begegnung gegen den deutlich wertungsstärksten Gegner dieser
Gruppe kamen erste Hoffnungen auf einen Aufstieg in die 1. Bundesliga auf.} 1-0

[Event "1.FS-BL, 2001-03"]
[Site "?"]
[Date "????.??.??"]
[Round "?"]
[White "FS-IM Buecker, Juergen"]
[Black "Schreiner, Richard"]
[Result "1-0"]
[WhiteElo "2327"]
[BlackElo "2292"]
[PlyCount "45"]

1. e4 c5 2. Nf3 d6 3. d4 cxd4 4. Nxd4 Nf6 5. Nc3 a6 6. Bg5 e6 7. f4 Qb6 8. Qd2
Qxb2 9. Rb1 Qa3 10. f5 Nc6 11. fxe6 fxe6 12. Nxc6 bxc6 13. Be2 Be7 14. O-O O-O
15. Rb3 Qa5 $4 {Hier hätte zwingend 15....Dc5 kommen muessen. Die Partien
enden dann in der Regel Remis.} 16. Nd5 Qd8 (16... Qxd2 17. Nxe7+ Kf7 18. Bxd2
Kxe7 19. e5 {bringt Schwarz nichts.}) 17. Nxe7+ Qxe7 18. Rd3 Qa7+ 19. Kh1 d5 {
Diagramm #Dieser Zug bringt das rasche Ende der Partie. Ich gab meinem Gegner
folgende Fallszüge an: 20. exd exd 21. Lxf6 Txf6 22. Txf6 gxf6 23. Tg3 Kh8 24.
Dh6 De7 25. Te3 Dd8 26. Lh5 Lf5 27. Te8 Dxe8 28. Dxf6 Kg8 29. Lxe8 Txe8 30. h4.
Da er die Zugfolge schlecht annehmen konnte, ging es mit einem anderen Zug
weiter.} 20. exd5 $1 $146 cxd5 {
Hier kommt Schwarz natuerlich vom Regen in die Traufe.} 21. Rxf6 {
mit den Fallszügen} gxf6 22. Rg3 Kh8 23. Qb4 {Die wollte Schwarz sich aber
nicht mehr zeigen lassen. Fazit dieser Partie: es gibt keine vernünftige
Alternative zu 15....Dc5} 1-0

[Event "LF-1/2. OS-Lichtenberg"]
[Site "Rivne"]
[Date "2006.??.??"]
[Round "?"]
[White "Müller, Gerhard"]
[Black "Handel, Horst (Lichtenberg)"]
[Result "1-0"]
[WhiteElo "2340"]
[BlackElo "2356"]
[PlyCount "67"]
[EventDate "2005.08.24"]

1. e4 e6 2. d4 d5 3. Nc3 Bb4 4. e5 Ne7 5. a3 Bxc3+ 6. bxc3 c5 7. Qg4 O-O 8. Bd3
Nbc6 9. Qh5 Ng6 10. Nf3 Qc7 11. Be3 c4 ({Hier wird auch} 11... Nce7 {
mit der möglichen Fortsetzung} 12. h4 $5 Bd7 13. Qg4 f5 14. Qh3 f4 15. Bd2 Nf5
16. O-O c4 17. Be2 Ba4 18. Ra2 {
1-0 Nataf,I-Pelletier,Y/Cap d'Agde Gp B 2002/ (85), gespielt.}) 12. Bxg6 fxg6
13. Qg4 Qf7 ({oder} 13... Bd7 $5 {, z.B.} 14. h4 Rf5 15. Ng5 (15. h5 gxh5 16.
Rxh5 Raf8 17. Kd2 Be8 18. Rh3 Qb6 19. Rf1 Qb2 20. Rg3 Bg6 21. Nh4 Na5 22. Nxg6
Nb3+ 23. Ke1 Qxc3+ 24. Kd1 hxg6 25. cxb3 cxb3 26. Qe2 Qa1+ 27. Kd2 Qa2+ 28. Kd3
Qxa3 29. Qd1 Qa6+ 30. Kd2 Rc8 $19 {
und 0-1 in Rüfenacht-Liebert, ICCF,  Harald Malmgreen100 years, 2004}) 15...
Raf8 16. Qe2 h6 17. Nh3 Qd8 18. g3 b5 19. Qd2 Qe7 20. Ke2 a5 21. Rh2 Rb8 22. g4
Rff8 23. Nf4 Be8 24. h5 g5 25. Nh3 b4 $36 {
0-1 David,A-Enders,P/BL9900 2000 (34)}) 14. Ng5 Qe8 (14... Qf5 15. Qe2 Rd8 (
15... Nxe5 $2 16. dxe5 Qxe5 17. Qd2 Bd7 18. O-O h6 19. f4 Qd6 20. Nf3 Rf5 21.
Rae1 Raf8 22. Nh4 R5f6 23. Bd4 Rxf4 24. Rxf4 Qxf4 25. Qxf4 Rxf4 26. Nxg6 $18 {
1-0 Kasparov,G-Short,N/Munich Intel Express 1994 (35)}) 16. g4 Qf8 17. f4 h6
18. Nf3 Bd7 19. a4 Rdb8 20. O-O b5 21. axb5 Rxb5 22. Bc1 $14 {
1/2-1/2 Arakhamia,K-Peng/Tilgurg ct w(7) 1994 (37)}) 15. h4 h6 (15... Ne7 16.
Qe2 Nf5 17. g4 Nxe3 18. Qxe3 h6 19. Nh3 Qe7 20. Qg3 Bd7 21. f4 $14 {und Schwarz
hat keine Möglichkeiten, notwendiges Gegenspiel zu organisieren, z.B.} Be8 22.
Kd2 b5 23. f5 $1 gxf5 (23... exf5 24. g5 $1) 24. g5 $1 {
und 1-0 im 33. Zug in Nijboer,F-Harikrishna,P/Wijk aan Zee-B 2001/CBM 81}) 16.
Nh3 b5 {Neben der Partiefortsetzung wurden vor allem auch 16.-Se7 und 16.-DF7
häufiger gespielt, z.B.:} (16... Ne7 {mit Verzicht auf Ld7:} 17. Qe2 b5 (17...
Bd7 18. g4 b5 19. h5 a5 20. g5 $1 Rf5 21. gxh6 Rxh5 22. Kd2 gxh6 23. Rag1 $36 {
Lutz,C-Jussupow,A /Essen-A   2002 /CBM 90/[Psakhis] (41)}) 18. g4 a5 19. h5 g5
(19... gxh5 20. g5 $5 (20. gxh5 $13) 20... hxg5 $8 21. Nxg5 g6 22. Nh3 $1 Nf5
23. Bg5 {und wegen der Felderschwächen des Schwarzen hat Weiß gutes Spiel}) 20.
f4 gxf4 21. Nxf4 Bd7 22. Qg2 b4 23. g5 $5 (23. Ke2 $6 bxc3 24. g5 Kh7 $1 $13 {
0-1 Adamson,R (2373)-Abrahamyan,T (2238)/USA-ch San Diego 2004/CBM 105/
[Psakhis] (45)}) 23... Kh7 $5 24. gxh6 gxh6 25. Ng6 Rg8 $132) (16... Qf7 17.
Nf4 Ne7 18. Qe2 {usw., wobei der weiße Plan sich natürlich immer ähnelt:
Angriff auf die Felderschwächen am geschwächten schwarzem Königsflügel.}) 17.
Qe2 {auch 17.h5 und 17.Sf4 wurden schon mit Erfolg gespielt} Bd7 18. g4 a5 19.
h5 {Jetzt beginnt die eigentliche Arbeit in der Partie, der Textzug erschien
mir stärker als der neuere Zug} (19. Nf4 $6 $146 Ne7 20. h5 (20. Kd2 $5) 20...
g5 21. Nh3 b4 $1 {mit schnellem schwarzem Gegenspiel}) 19... gxh5 (19... g5 20.
f4 gxf4 21. Nxf4 $36) 20. g5 $1 (20. Rg1 Ne7 21. gxh5 (21. g5 $5) 21... Kh7 22.
Qg4 Nf5 {
Leko,P-Almasi,Z/Budapest 2003/CBM 95/[Psakhis]/1/2-1/2 (52) ist schwächer}) (
20. gxh5 Rf5 $13) 20... hxg5 21. Nxg5 g6 22. Kd2 $3 {Diagramm # Dieser Zug war
schon etwas in Vergessenheit geraten, doch hatte ich in der Folge
Verstärkungen für Weiß entdeckt} (22. Qf1 {
wurde in den letzten Jahren in der Großmeisterpraxis viel gespielt, z.B.} Ra7
23. Qg2 Rf5 24. Nf3 $1 Qf7 25. Nh4 Kh7 (25... Be8 $5) 26. Ke2 $6 Be8 27. Rh3
Qf8 28. Rg3 (28. Kd1 $5) 28... Rg7 (28... g5 $2 29. Bxg5) 29. Nxf5 Qxf5 30. Kd2
Ne7 31. Bg5 Qf7 32. Bf6 Rg8 33. Bxe7 Qxe7 34. Rf3 Rf8 35. Kc1 Kh6 36. Kb2 g5 (
36... b4 37. Rxf8 Qxf8 38. axb4 axb4 39. Qg3 $5) (36... Rxf3 $5 37. Qxf3 g5)
37. Rxf8 Qxf8 38. f4 g4 (38... Qxf4 39. Rf1 Qe4 $132 40. Qf2 $140 Bg6) 39. f5
$1 $14 (39. Qd2 Qf5)) (22. O-O-O {
das ist der zweite hier oft gespielte Zug, z.B.} Qe7 23. Rdg1 $1 Qxa3+ (23...
Rf5 $5) 24. Kd2 Rf5 $142 $1 {'!' Psakhis.} 25. Nf3 (25. Nxe6 Bxe6 26. Rxg6+ Kf7
27. Rxh5 b4 28. Rxf5+ Bxf5 29. Rf6+ Ke7 30. Rxf5 Qxc3+ 31. Kd1 Qa1+ 32. Kd2
Nxd4 $19) (25. Rxh5 b4 26. Ne4 Ne7 27. Rxf5 dxe4 28. Qh5 Qxc3+ 29. Kd1 exf5 30.
Rxg6+ Nxg6 31. Qxg6+ Kh8 $11) 25... b4 $132) 22... Rf5 (22... b4 {
wäre die zweite hier in Betracht kommende Fortsetzung:} 23. Rag1 bxc3+ 24. Ke1
$3 $146 {viel stärker als der bislang an dieser Stelle gespielte Zug 24.Kd1:} (
24. Kd1 Rf5 25. Rxh5 $2 (25. Nf3) 25... gxh5 26. Ne4+ Kh8 {
und 0-1 im 33. Zug in van den Doel - Psachis, Bled Ol (men), 2002}) {, z.B.}
24... Rb8 25. Qd1 {das ist die entscheidende neue Idee, Schwarz kommt nicht
zum Gegenspiel auf der b-Linie} Rf5 26. Nf3 Ne7 27. Nh4 Kf8 28. Bh6+ Kf7 29.
Nxf5 Nxf5 30. Rxh5 Qh8 31. Rh3 Ba4 32. Kf1 Qg8 33. Bc1 Ke8 34. Rgh1 Kd7 35. Qe1
Bxc2 36. Qxc3 Bd3+ 37. Ke1 $16 {und Weiß greift an beiden Flügeln an.}) 23.
Rag1 Ne7 24. Nf3 Qf7 25. Nh4 Kf8 26. Rh3 $16 {Diagramm #} Qh7 {oder:} ({a)} 
26... b4 27. Rhg3 bxc3+ 28. Kxc3 Be8 29. Nxf5 Nxf5 30. Rxg6 Qxg6 31. Rxg6 Bxg6
32. Qd1) ({b)} 26... Ke8 27. Rhg3 b4 28. Nxg6 bxc3+ 29. Kxc3 Kd8 30. Nh4 $18)
27. Bg5 Be8 28. Qe3 Ra6 29. Rhg3 $18 Qf7 {oder:} ({a)} 29... Bf7 30. Bxe7+ Kxe7
31. Nxg6+ Bxg6 32. Rxg6 Rf7 (32... Kf8 33. Rh6 $18) 33. Qg5+ Kd7 34. Rg8 Kc6
35. Qd8 Rc7 36. Qd6+ Kb7 37. Qf8 $18) ({b)} 29... Rb6 30. Bxe7+ Kxe7 31. Nxg6+
$1 {wie auch in vielen ähnlichen Varianten ist dieses Schlagen viel stäker als
der Qualitätsgewinn 31.Sxf5+} Kd8 (31... Bxg6 32. Rxg6 Rf7 33. Qg5+ $18) 32.
Nh4 Rf7 (32... Rf8 33. Rg7 Qe4 34. Qxe4 dxe4 35. Ke3 {mit gewonnenem Endspiel})
33. Rg8 b4 (33... Qe4 34. Qxe4 dxe4 35. Ke3 $18 {s.o.}) (33... Re7 34. Qg5 Rbb7
35. Qf6 Qf7 36. R1g7 Qxf6 37. exf6 Rf7 38. Nf3 $18) (33... Rb8 34. f4 Rbb7 35.
R1g6 Rg7 36. R8xg7 Rxg7 37. Rxe6 $18) 34. axb4 axb4 35. cxb4 c3+ (35... Re7 36.
R1g6 Kc7 37. Qa3 Bxg6 38. Qa7+ Kc6 39. Rc8+ Rc7 40. Nxg6 Qf7 41. Ke3 $18) 36.
Kd1 Qe4 37. Qxe4 dxe4 38. Ke2 Rxb4 39. Ra1 $18 {
und einmal mehr geht Schwarz an der passiven Stellung zu Grunde}) 30. Bxe7+ $1
Kxe7 31. f3 $1 {Dieser einfache Zug bringt die sofortige Entscheidung} Qh7 32.
Nxg6+ {natürlich ist auch hier der Bg6 mit nachfolgendem Angriff wichtiger als
der Qualitätsgewinn} Kd7 {Mein fairer Partner wählt das Ende mit Schrecken und
nicht, wie heute vor allem im Serverschach wohl schon fast üblich, das lange
Hinauszögern der hoffnungslosen Partie} (32... Kd8 33. Nh4 Rf7 34. Rg8 $18 {
mit ähnlichen Varianten wie oben: 34.-} Kd7 35. f4 {und der Idee f5}) 33. Nf8+
Rxf8 34. Rg7+ {natürlich hatte ich mich vor dem Damengewinn noch vergewissert,
dass Schwarz keine Barrikadestellung aufbauen kann. Auch GM Handel war zu der
gleichen Auffassung gelangt:} 1-0

[Event "LF-1/4 OS-Lichtenberg"]
[Site "MyTown"]
[Date "2006.12.13"]
[Round "?"]
[White "Bücker, Jürgen"]
[Black "Junge, Wolfgang"]
[Result "1/2-1/2"]
[WhiteElo "2362"]
[BlackElo "2198"]
[PlyCount "131"]

1. e4 e5 2. Nf3 Nf6 3. d4 Nxe4 4. Bd3 d5 5. Nxe5 Nd7 6. Nxd7 Bxd7 7. O-O Qh4 8.
c4 Nf6 9. Nd2 Qxd4 10. Re1+ $146 {Diagramm #Bekannt war bisher nur 10. Sf3,
der Textzug scheint aber vielversprechender zu sein.} Be6 11. Nb3 Qb6 12. Be3
c5 13. cxd5 Nxd5 14. Bf5 Nxe3 15. Rxe3 Be7 16. Bxe6 fxe6 {Das erste Ziel ist
erreicht: Weiß steht aktiver,  die schwarzen Bauern sind Angriffsziele
geworden, das ist schon den geopferten Bauern wert.} 17. Qh5+ g6 18. Qg4 O-O
19. Rxe6 Bd6 20. Qc4 Kh8 21. Rae1 Rad8 22. Qc3+ Kg8 23. Nd2 c4 24. R1e2 Qc7 25.
g3 b5 26. Ne4 b4 27. Qc2 Bc5 28. Qa4 Rc8 29. Nxc5 Qxc5 30. R6e5 Qd6 31. Qxa7
Rc7 32. Qa4 c3 {Die schwarzen Bauern am Damenflügel sehen zwar gefährlich aus,
sie sind aber  eher anfällig.} 33. Qb3+ Kg7 34. Rd5 Qc6 35. Rd1 Qb5 36. Qe6 c2
37. Rc1 Rfc8 38. Rd2 Re8 39. Qd6 Rec8 40. Qd4+ Kg8 41. Qe3 Qa6 42. Qb3+ Qc4 43.
Qa4 Qe6 44. h4 Qe4 45. a3 Rc4 46. axb4 Rxb4 47. Qa2+ Qc4 48. Qa3 Rb5 49. Qe7
Rf5 50. b4 {
Dieser starke Freibauer sollte nun eigentlich die Entscheidung bringen.} Rf7
51. Rdxc2 Qxc2 52. Rxc2 Rxc2 53. Qd8+ Kg7 54. Qd4+ Kg8 55. g4 Rcc7 56. b5 Rcd7
57. Qc5 Rc7 58. Qg5 Rc2 59. Qd8+ Rf8 60. Qd5+ Rf7 61. b6 $2 {Diagramm #Hier
ließ ich mich täuschen von den Schachprogrammen, die überwiegend eine
Bewertung von mehr als + 5,0 anzeigten und so kam mir kein Zweifel am Sieg.
Wie mir mein Partner nach der Partie mitteilte, wollte er eigentlich schon
längst die Patie aufgeben, setzte aber seine letzte Hoffnung in ein Endspiel,
das zwangsläufig Remis werden würde. Hätte ich mir die Mühe gemacht, den
später entstehenden 6-Steiner im Internet zu überprüfen, hätte ich 61. f4
gespielt und die Partie gewonnen. Doch nach 61....Tcxf2 62. h5 T2f4 63. Db3
Txg4+ 64. Kh2 Kf8 65. b7 Th4+ 66. Kg3 (folgend 66...Txb7 67. Dxb7 Txh5)  ist
der 6-Steiner entstanden, den die Schachprogramme immer noch als gewonnen für
Weiß bewerten, doch ein Blick ins Internet zeigt, dass die Partie nicht mehr
gewonnen werden kann.} Rcxf2 62. h5 R2f4 63. Qb3 Rxg4+ 64. Kh2 Kf8 65. b7 Rh4+
66. Kg3 {Hier schlug ich die Punkteteilung vor.} 1/2-1/2